Manual for workers with seniors in the Sunday school. (Record no. 14207)

000 -LEADER
fixed length control field 00615nam a2200193 a 4500
001 - CONTROL NUMBER
control field :::00012034$&:&@@
003 - CONTROL NUMBER IDENTIFIER
control field OkBaRHE
005 - DATE AND TIME OF LATEST TRANSACTION
control field 20100331143608.0
008 - FIXED-LENGTH DATA ELEMENTS--GENERAL INFORMATION
fixed length control field s1950 j 000 0 eng u
040 ## - CATALOGING SOURCE
Transcribing agency
100 1# - MAIN ENTRY--PERSONAL NAME
Personal name Martin, Ellis.
245 10 - TITLE STATEMENT
Title Manual for workers with seniors in the Sunday school.
260 ## - PUBLICATION, DISTRIBUTION, ETC. (IMPRINT)
Place of publication, distribution, etc Springfield, MO., :
Name of publisher, distributor, etc Gospel Pub. House
Date of publication, distribution, etc 1950
300 ## - PHYSICAL DESCRIPTION
Extent 104 p. ;
Dimensions 18 cm.
650 ## - SUBJECT ADDED ENTRY--TOPICAL TERM
Topical term or geographic name as entry element Assemblies of God, Sunday schools
700 ## - ADDED ENTRY--PERSONAL NAME
Personal name Boyd, Helen C.
942 ## - ADDED ENTRY ELEMENTS (KOHA)
Source of classification or shelving scheme
Koha item type Books
Copies
Lost status Withdrawn status Permanent Location Koha item type Shelving location Price effective from Barcode Date acquired Not for loan Damaged status Copy number Source of classification or shelving scheme Full call number Date last seen
  RHEMA Bible Training CollegeBooksGeneral Stacks2010-04-14120342010-04-14  1 BX 8769 .A3 M32010-04-14